Riconosci la Bandiera sbagliata - Quiz n°22 - Statistics

Statistiche generali
  • Questo quiz è stato fatto 5 volte
  • Il punteggio medio è 8 su 9
Statistiche sulle risposte
Domanda Risposta % Corretto
Qual è la bandiera sbagliata?
100%
Qual è la bandiera sbagliata?
100%
Qual è la bandiera sbagliata?
100%
Qual è la bandiera sbagliata?
100%
Qual è la bandiera sbagliata?
100%
Qual è la bandiera sbagliata?
100%
Qual è la bandiera sbagliata?
100%
Qual è la bandiera sbagliata?
50%
Qual è la bandiera sbagliata?
0%
Nessun quiz corrispondente trovato
Distribuzione punteggi
Percentuale di utenti per punteggio
Percentile per numero di risposta
I tuoi punteggi nel tempo
Non hai fatto questo quiz